Statistics for Truncated Words #1

Click here to take the quiz!

General Stats

  • This quiz has been taken 9,479 times
  • The average score is 18 of 27

Answer Stats

Hint Answer % Correct
_rypti_Cryptic
94%
_emembe_Remember
94%
_awfu_Lawful
92%
_ntranc_Entrance
91%
_ynopsi_Synopsis
89%
_omentu_Momentum
86%
_ibera_Liberal
81%
_rumpe_Trumpet
80%
_scap_Escape
78%
_gend_Agenda
78%
_apki_Napkin
74%
_luf_Fluff
66%
_arsni_Parsnip
65%
_oslin_Gosling
60%
_yran_Tyrant
59%
_useu_Museum
59%
_noc_Knock
59%
_umm_Yummy
58%
_rom_Aroma
56%
_athtu_Bathtub
53%
_unc_Hunch
52%
_illo_Willow
50%
_regan_Oregano
48%
_athe_Rather
44%
_iscar_Discard
43%
_ylo_Nylon
39%
_aya_Kayak
38%

Score Distribution

Percentile by Number Answered

Percent of People with Each Score

Your Score History

You have not taken this quiz